Normal view
MARC view
Entry Topical Term
001 - CONTROL NUMBER
- control field: 15674
003 - CONTROL NUMBER IDENTIFIER
- control field: OSt
005 - DATE AND TIME OF LATEST TRANSACTION
- control field: 20220203105313.0
008 - FIXED-LENGTH DATA ELEMENTS
- fixed length control field: 220203|| aca||aabn | a|a d
040 ## - CATALOGING SOURCE
- Original cataloging agency: OSt
- Transcribing agency: OSt
150 ## - HEADING--TOPICAL TERM
- Topical term or geographic name entry element: Competition, Unfair.
670 ## - SOURCE DATA FOUND
- Source citation: Work cat.: (OSt): edited by Laura T. Raynolds: Douglas L. Murray: John, Wilkinson 15673, Fair trade : , 2007
